000
00203 a2200097 4500
001
46216
100
_a
Purnell
245
_a
365 Days to Remember
260
_a
_b
Purnell Books
_c
090
_c
29324
_d
29324
942
_a
NUST-CAE
_c
M
_c
21474
999
_c
281289
_d
281289